<?xml version="1.0" encoding="UTF-8"?><?xml-stylesheet type="text/xsl" href="static/style.xsl"?><OAI-PMH xmlns="http://www.openarchives.org/OAI/2.0/" xmlns:xsi="http://www.w3.org/2001/XMLSchema-instance" xsi:schemaLocation="http://www.openarchives.org/OAI/2.0/ http://www.openarchives.org/OAI/2.0/OAI-PMH.xsd"><responseDate>2026-04-29T00:59:59Z</responseDate><request verb="GetRecord" identifier="oai:repisalud.isciii.es:20.500.12105/26741" metadataPrefix="marc">https://repisalud.isciii.es/rest/oai/request</request><GetRecord><record><header><identifier>oai:repisalud.isciii.es:20.500.12105/26741</identifier><datestamp>2025-12-18T12:58:34Z</datestamp><setSpec>com_20.500.12105_2203</setSpec><setSpec>com_20.500.12105_2202</setSpec><setSpec>col_20.500.12105_19505</setSpec></header><metadata><record xmlns="http://www.loc.gov/MARC21/slim" xmlns:dcterms="http://purl.org/dc/terms/" xmlns:doc="http://www.lyncode.com/xoai" xmlns:xsi="http://www.w3.org/2001/XMLSchema-instance" xsi:schemaLocation="http://www.loc.gov/MARC21/slim http://www.loc.gov/standards/marcxml/schema/MARC21slim.xsd">
   <leader>00925njm 22002777a 4500</leader>
   <datafield ind2=" " ind1=" " tag="042">
      <subfield code="a">dc</subfield>
   </datafield>
   <datafield ind2=" " ind1=" " tag="720">
      <subfield code="a">Instituto de Salud Carlos III. Centro Nacional de Epidemiología</subfield>
      <subfield code="e">author</subfield>
   </datafield>
   <datafield ind2=" " ind1=" " tag="720">
      <subfield code="a">Instituto de Salud Carlos III. Centro Nacional de Microbiología</subfield>
      <subfield code="e">author</subfield>
   </datafield>
   <datafield ind2=" " ind1=" " tag="720">
      <subfield code="a">Grupo SiVIRA de vigilancia y efectividad vacunal en España</subfield>
      <subfield code="e">author</subfield>
   </datafield>
   <datafield ind2=" " ind1=" " tag="260">
      <subfield code="c">2025-05-11</subfield>
   </datafield>
   <datafield ind2=" " ind1=" " tag="520">
      <subfield code="a">A nivel sindrómico, la tasa de IRAs a nivel nacional es de 355,1 casos/100.000 habitantes (283,4 casos/100.000 habitantes en la semana previa), permaneciendo por debajo del umbral epidémico. La tasa de síndrome gripal se sitúa en 9,9 casos/100.000 habitantes (7,7 casos/100.000 habitantes en la semana previa), observándose una epidemia de intensidad baja entre las semanas 52/2024 y la 10/2025. La tasa de COVID-19 (síndrome) es de 4,3 casos/100.000 habitantes (2,4 casos/100.000 habitantes en la semana previa) y la de bronquitis y bronquiolitis en menores de 5 años de 180 casos/100.000 habitantes (139,4 casos/100.000 habitantes en la semana previa). El porcentaje de positividad es de 2,2% para gripe (2,5% en la semana previa), 4,1% para SARS-CoV-2 (7,6% en la semana previa) y 0,7% para VRS (0,8% en la semana previa). El proxy de gripe (IRAs x positividad a gripe) estima una incidencia de gripe de 7,8 casos/100.000 habitantes (7,1 casos/100.000 habitantes en la semana previa). El proxy de COVID-19 (IRAs x positividad a COVID-19) estima una incidencia de COVID-19 de 14,6 casos/100.000 habitantes (21,5 casos/100.000 habitantes en la semana previa). El proxy de VRS (IRAs x positividad a VRS) estima una incidencia de VRS de 2,5 casos/100.000 habitantes (2,3 casos/100.000 habitantes en la semana previa).</subfield>
   </datafield>
   <datafield ind1="8" ind2=" " tag="024">
      <subfield code="a">Vigilancia centinela de Infección Respiratoria Aguda en Atención Primaria (IRAs) y en Hospitales (IRAG) en España. Gripe, COVID-19 y otros virus respiratorios. Semana 19/2025 (del 05 de mayo al 11 de mayo de 2025).</subfield>
   </datafield>
   <datafield ind1="8" ind2=" " tag="024">
      <subfield code="a">https://hdl.handle.net/20.500.12105/26741</subfield>
   </datafield>
   <datafield tag="653" ind2=" " ind1=" ">
      <subfield code="a">Gripe</subfield>
   </datafield>
   <datafield tag="653" ind2=" " ind1=" ">
      <subfield code="a">COVID-19</subfield>
   </datafield>
   <datafield tag="653" ind2=" " ind1=" ">
      <subfield code="a">VRS</subfield>
   </datafield>
   <datafield tag="653" ind2=" " ind1=" ">
      <subfield code="a">Virus respiratorio sincitial</subfield>
   </datafield>
   <datafield tag="653" ind2=" " ind1=" ">
      <subfield code="a">Vigilancia Epidemiológica</subfield>
   </datafield>
   <datafield ind2="0" ind1="0" tag="245">
      <subfield code="a">Vigilancia centinela de Infección Respiratoria Aguda en Atención Primaria (IRAs) y en Hospitales (IRAG) en España. Gripe, COVID-19 y otros virus respiratorios. Semana 19/2025 (del 05 de mayo al 11 de mayo de 2025).</subfield>
   </datafield>
</record></metadata></record></GetRecord></OAI-PMH>